书目信息 |
| 题名: |
大学英语阅读教程
|
|
| 作者: | 李庆明 总主编 ;宋改荣 主编 | |
| 分册: | Ⅲ | |
| 出版信息: | 西安 西北工业大学出版社 2010.08 |
|
| 页数: | 150页 | |
| 开本: | 26cm | |
| 丛书名: | ||
| 单 册: | ||
| 中图分类: | H319.4 | |
| 科图分类: | ||
| 主题词: | 英语--ying yu--阅读教学--高等学校--教材 | |
| 电子资源: | ||
| ISBN: | 978-7-5612-2888-3 | |
| 000 | 01185nam0 2200277 450 | |
| 001 | 012011347930 | |
| 005 | 20111028115041.91 | |
| 010 | @a978-7-5612-2888-3@dCNY24.00 (含光盘) | |
| 010 | @a978-7-900701-92-3@b光盘 | |
| 100 | @a20111028d2010 em y0chiy0120 ea | |
| 101 | 0 | @achi@aeng |
| 102 | @aCN@b610000 | |
| 105 | @ay z 000yy | |
| 106 | @ar | |
| 200 | 1 | @a大学英语阅读教程@Ada xue ying yu yue du jiao cheng@d= College English reading course@hⅢ@f李庆明总主编@Fzong zhu bian li qing ming@g宋改荣主编@Gsong gai rong zhu bian@zeng |
| 210 | @a西安@c西北工业大学出版社@d2010.08 | |
| 215 | @a150页@d26cm@e光盘1片 | |
| 300 | @a普通高等院校大学英语“十一五”重点规划教材 根据教育部《大学英语课程教学要求》编写 | |
| 330 | @a本书旨在帮助大学生尽快适应大学英语阅读的模式及难度,为最终突破大学英语四、六级阅读难关打下坚实的基础。本分册有12个单元,每单元包含4篇文章,并配有词汇、注释及其练习。 | |
| 510 | 1 | @aCollege English reading course@zeng |
| 606 | 0 | @a英语@Aying yu@x阅读教学@x高等学校@j教材 |
| 690 | @aH319.4@v4 | |
| 701 | 0 | @a李庆明@Ali qing ming@4总主编 |
| 702 | 0 | @a宋改荣@Asong gai rong@4主编 |
| 801 | 0 | @aCN@bQSSK@c20111028 |
| 905 | @b794944-46@dH319.4@eL234:3@f3 | |
| 大学英语阅读教程= College English reading course.Ⅲ/李庆明总主编/宋改荣主编.-西安:西北工业大学出版社,2010.08 |
| 150页;26cm+光盘1片 |
| 普通高等院校大学英语“十一五”重点规划教材 根据教育部《大学英语课程教学要求》编写 |
| ISBN 978-7-5612-2888-3:CNY24.00 (含光盘) |
| 本书旨在帮助大学生尽快适应大学英语阅读的模式及难度,为最终突破大学英语四、六级阅读难关打下坚实的基础。本分册有12个单元,每单元包含4篇文章,并配有词汇、注释及其练习。 |
| ● |
| 相关链接 |
|
|
|
正题名:大学英语阅读教程
索取号:H319.4/L234:3
 
预约/预借
| 序号 | 登录号 | 条形码 | 馆藏地/架位号 | 状态 | 备注 |
| 1 | 794944 | 207949443 | 语言库209/209语言库 46排6列5层/ [索取号:H319.4/L234:3] | 在馆 | |
| 2 | 794945 | 207949452 | 语言库209/209语言库 46排6列5层/ [索取号:H319.4/L234:3] | 在馆 | |
| 3 | 794946 | 207949461 | 语言库209/209语言库 46排6列5层/ [索取号:H319.4/L234:3] | 在馆 |